| 000 | 01989nam a2200529Ii 4500 | ||
|---|---|---|---|
| 001 | DIGAKAL0166 | ||
| 003 | NyNyDIG | ||
| 008 | 160428t20092009sp a ob 000 0 spa d | ||
| 006 | m o d | ||
| 007 | cr ||||||||||| | ||
| 035 | _a(OCoLC)948442578 | ||
| 040 |
_aDGITA _beng _erda _epn _cDGITA |
||
| 020 |
_a9788446038849 _q(eBook ; _qePub) |
||
| 020 |
_a8446038846 _q(eBook ; _qePub) |
||
| 020 | _z9788446027706 | ||
| 020 | _z8446027704 | ||
| 041 | 1 |
_aspa _heng |
|
| 050 | 1 | 4 | _aBD436 ebook |
| 082 | 0 | 4 |
_a0150.195 _223 |
| 100 | 1 |
_aSilverman, Kaja, _eauthor. |
|
| 240 | 1 | 0 |
_aThreshold of the visible world. _lSpanish |
| 245 | 1 | 3 |
_aEl umbral del mundo visible / _cKaja Silverman ; traducción, Alfredo Brotons Muñoz. |
| 264 | 1 |
_aTres Cantos, Madrid, España : _bEdiciones Akal, S.A., _c[2009] |
|
| 264 | 4 | _c©2009 | |
| 300 |
_a1 online resource : _billustrations. |
||
| 336 |
_atext _btxt _2rdacontent |
||
| 337 |
_acomputer _bc _2rdamedia |
||
| 338 |
_aonline resource _bcr _2rdacarrier |
||
| 490 | 1 |
_aEstudios visuales ; _v4 |
|
| 504 | _aIncludes bibliographical references. | ||
| 505 | 0 | _aEl umbral -- El mundo visible. | |
| 588 | 0 | _aOnline resource; title from ePub title page (Digitalia, viewed April 29, 2016) | |
| 650 | 0 | _aLove. | |
| 650 | 0 | _aVision. | |
| 650 | 0 | _aAppearance (Philosophy) | |
| 650 | 0 | _aPsychoanalysis and philosophy. | |
| 655 | 0 | _aElectronic books. | |
| 700 | 1 |
_aBrotons Muñoz, Alfredo, _etranslator. |
|
| 700 | 1 |
_iTranslation of: _aSilverman, Kaja. _tThreshold of the visible world. |
|
| 791 | 2 |
_aDigitalia (Firm), _edistributor. |
|
| 793 | 0 |
_gDigitalia eBook Collection: _aAkal |
|
| 776 | 0 | 8 |
_iPrint version: _aSilverman, Kaja. _sThreshold of the visible world. Spanish. _tUmbral del mundo visible. _dMadrid : Akal, ©2009 _z9788446027706 _w(OCoLC)466354779 |
| 830 | 0 |
_aEstudios visuales ; _v4. |
|
| 856 | 4 | 0 |
_3Digitalia Hispánica _uhttps://www.digitaliapublishing.com/a/27915/ |
| 910 | _aPremium Collection: 2016 | ||
| 942 | _cRAA | ||
| 999 |
_c238974 _d238974 |
||